header

The shapes of silence (Record no. 191484)

MARC details
000 -LEADER
fixed length control field 01555nam a2200361Ia 4500
100 1# - MAIN ENTRY--AUTHOR NAME
Personal name Tagore, Proma,
245 14 - TITLE STATEMENT
Title The shapes of silence
260 ## - PUBLICATION, DISTRIBUTION, ETC. (IMPRINT)
Place of publication Montreal ;
-- Ithaca :
Name of publisher McGill-Queen's University Press,
Year of publication c2009.
300 ## - PHYSICAL DESCRIPTION
Number of Pages xi, 185 p.
650 #0 - SUBJECT ADDED ENTRY--TOPICAL TERM
Topical Term Prose literature
Topical Term Prose literature
Topical Term Prose literature
Topical Term Reportage literature
Topical Term Reportage literature
Topical Term Women and literature.
Topical Term Women in literature.
856 40 - ELECTRONIC LOCATION AND ACCESS
Uniform Resource Identifier http://site.ebrary.com/lib/rucke/Doc?id=10559106

No items available.

© 2026 Rongo University
Contact us: librarian | system librarian | Rongo university